[Event "Skopje op"]
[Site "Skopje"]
[Date "2022.10.22"]
[Round "2"]
[White "Miftari, Hedon"]
[Black "Rasulov, Vugar Ural Oglu"]
[Result "0-1"]
[WhiteElo "1976"]
[BlackElo "2515"]
[PlyCount "96"]
[EventDate "2022.10.21"]
[EventType "swiss"]
[EventRounds "9"]
[EventCountry "MKD"]
[SourceTitle "EXT 2024"]
[Source "ChessBase"]
[SourceDate "2023.10.10"]
[SourceVersion "1"]
[SourceVersionDate "2023.10.10"]
[SourceQuality "1"]

1. e4 c5 2. Nf3 e6 3. d4 cxd4 4. Nxd4 Nf6 5. Nc3 d6 6. Bb5+ Nbd7 7. 0-0 Be7 8. Re1 0-0 9. h3 a6 10. Bf1 Qc7 11. a4 b6 12. g3 Bb7 13. Bg2 Rfe8 14. Kh2 Bf8 15. f4 Rac8 16. Nb3 Qb8 17. g4 g6 18. Qd3 e5 19. Nd5 Nxd5 20. exd5 Qc7 21. c3 exf4 22. Bxf4 Ne5 23. Qc2 Bg7 24. Nd2 b5 25. axb5 axb5 26. Rac1 Qd8 27. Bg3 Rc7 28. Nf3 Nc4 29. Rxe8+ Qxe8 30. Re1 Re7 31. Rxe7 Qxe7 32. b3 Ne3 33. Qd3 Bxd5 34. Qxb5 Bb7 35. Qd3 Nxg2 36. Kxg2 h6 37. Bxd6 Qe6 38. c4 Be4 39. Qd2 Bc6 40. Qd3 Be4 41. Qd2 f5 42. gxf5 Qxf5 43. Qf4 Qe6 44. c5 Bd5 45. b4 Qe1 46. Qg4 h5 47. Qf4 h4 48. c6 Qe2+ 0-1

[Event "EU-ch 22nd"]
[Site "Terme Catez"]
[Date "2022.04.05"]
[Round "10"]
[White "Ghita, Vlad Bogdan"]
[Black "Miftari, Hedon"]
[Result "0-1"]
[WhiteElo "1981"]
[BlackElo "1987"]
[PlyCount "70"]
[EventDate "2022.03.27"]
[EventType "swiss"]
[EventRounds "11"]
[EventCountry "SLO"]
[SourceTitle "CBM 208"]
[Source "ChessBase"]
[SourceDate "2022.06.30"]
[SourceVersion "1"]
[SourceVersionDate "2022.06.30"]
[SourceQuality "1"]

1. e4 c5 2. Nf3 Nc6 3. d4 cxd4 4. Nxd4 Nf6 5. Nc3 e5 6. Ndb5 d6 7. Bg5 a6 8. Na3 b5 9. Nd5 Be7 10. Bxf6 Bxf6 11. c4 b4 12. Nc2 0-0 13. g3 Bg5 14. h4 Bh6 15. Bh3 Be6 16. Qh5 Rb8 17. b3 Bxd5 18. cxd5 Ne7 19. 0-0 a5 20. f4 Qb6+ 21. Kh1 exf4 22. gxf4 Qc5 23. Rac1 f5 24. Qf3 Rbc8 25. Ne3 Qxc1 26. Rxc1 Rxc1+ 27. Kg2 Ng6 28. Kf2 fxe4 29. Qg3 Rxf4+ 30. Ke2 Rf3 31. Be6+ Kh8 32. Qxd6 Rxe3+ 33. Kf2 Rf3+ 34. Kg2 Nxh4+ 35. Kh2 Bf4+ 0-1

[Event "EU-ch 22nd"]
[Site "Terme Catez"]
[Date "2022.04.02"]
[Round "7"]
[White "Miftari, Hedon"]
[Black "Kocharin, Timur"]
[Result "0-1"]
[WhiteElo "1987"]
[BlackElo "1760"]
[PlyCount "26"]
[EventDate "2022.03.27"]
[EventType "swiss"]
[EventRounds "11"]
[EventCountry "SLO"]
[SourceTitle "CBM 208"]
[Source "ChessBase"]
[SourceDate "2022.06.30"]
[SourceVersion "1"]
[SourceVersionDate "2022.06.30"]
[SourceQuality "1"]

1. e4 c6 2. d4 d5 3. e5 c5 4. dxc5 e6 5. Nf3 Bxc5 6. Bd3 Nc6 7. 0-0 f6 8. exf6 Nxf6 9. Re1 0-0 10. h3 e5 11. Bf1 e4 12. Nfd2 Bxf2+ 13. Kxf2 Ng4+ 0-1

[Event "EU-Cup 36th"]
[Site "Struga"]
[Date "2021.09.24"]
[Round "7.4"]
[White "Kanyamarala, Trisha"]
[Black "Miftari, Hedon"]
[Result "1-0"]
[WhiteElo "2093"]
[BlackElo "2002"]
[PlyCount "118"]
[EventDate "2021.09.18"]
[EventType "team-swiss"]
[EventRounds "7"]
[EventCountry "MKD"]
[SourceTitle "CBM 204 Extra"]
[Source "ChessBase"]
[SourceDate "2021.11.30"]
[SourceVersion "1"]
[SourceVersionDate "2021.11.30"]
[SourceQuality "1"]
[WhiteTeam "Gonzaga"]
[BlackTeam "Gostivar"]
[WhiteTeamCountry "IRL"]
[BlackTeamCountry "MKD"]

1. d4 Nf6 2. c4 e6 3. Nf3 d5 4. Nc3 Bb4 5. g3 0-0 6. Bg2 dxc4 7. 0-0 c5 8. dxc5 Bxc3 9. bxc3 Qa5 10. Qd4 Nd5 11. Bd2 Nd7 12. e4 N5f6 13. Be3 Ng4 14. Bf4 Re8 15. Bd6 Qa4 16. Nd2 e5 17. Qxc4 Qc6 18. Qd5 Qa6 19. Rfe1 Ngf6 20. Qc4 Qc6 21. Bf1 a6 22. Nf3 h6 23. Rad1 b6 24. cxb6 Qxb6 25. Qb3 Qxb3 26. axb3 Bb7 27. Nd2 Rac8 28. c4 Rc6 29. Ba3 Nc5 30. b4 Ne6 31. Bb2 Nf8 32. c5 Rcc8 33. Nc4 Red8 34. Nd6 Rb8 35. Bxe5 Ng6 36. Bxf6 gxf6 37. f4 Ne7 38. Bc4 Rf8 39. Rd2 Kg7 40. e5 fxe5 41. fxe5 Bc6 42. Rb2 Bb5 43. Ba2 Nc6 44. Nf5+ Kh8 45. Nxh6 Rb7 46. Bd5 Rd7 47. Bxc6 Bxc6 48. Nf5 Rd3 49. Nd6 Kg7 50. Rf1 Bd5 51. Rc2 Rh8 52. Nf5+ Kg6 53. c6 Be6 54. Ne7+ Kg7 55. c7 Bc8 56. Rcf2 Be6 57. c8Q Bxc8 58. Rxf7+ Kh6 59. Nxc8 Rxc8 1-0

[Event "Sarajevo Bosna op 49th"]
[Site "Sarajevo"]
[Date "2019.05.01"]
[Round "7"]
[White "Miftari, Hedon"]
[Black "Pestek, Elvis"]
[Result "1/2-1/2"]
[WhiteElo "1621"]
[BlackElo "1995"]
[PlyCount "20"]
[EventDate "2019.04.27"]
[EventType "swiss"]
[EventRounds "9"]
[EventCountry "BIH"]
[SourceTitle "CBM 190 Extra"]
[Source "ChessBase"]
[SourceDate "2019.07.15"]
[SourceVersion "1"]
[SourceVersionDate "2019.07.15"]
[SourceQuality "1"]

1. c4 e6 2. Nc3 d5 3. e3 Nf6 4. Nf3 Nbd7 5. Be2 dxc4 6. Bxc4 Be7 7. 0-0 0-0 8. d4 b6 9. Re1 c5 10. e4 cxd4 1/2-1/2

[Event "Sarajevo Bosna op 49th"]
[Site "Sarajevo"]
[Date "2019.04.28"]
[Round "2"]
[White "Buljubasic, Sabahudin"]
[Black "Miftari, Hedon"]
[Result "1/2-1/2"]
[WhiteElo "2347"]
[BlackElo "1621"]
[PlyCount "64"]
[EventDate "2019.04.27"]
[EventType "swiss"]
[EventRounds "9"]
[EventCountry "BIH"]
[SourceTitle "CBM 190 Extra"]
[Source "ChessBase"]
[SourceDate "2019.07.15"]
[SourceVersion "1"]
[SourceVersionDate "2019.07.15"]
[SourceQuality "1"]

1. e4 c5 2. Nf3 Nc6 3. Nc3 e5 4. Bc4 Be7 5. d3 Nf6 6. a3 0-0 7. Be3 d6 8. h3 Be6 9. Nd5 Bxd5 10. exd5 Nd4 11. Nh2 Nf5 12. Bd2 a6 13. 0-0 Nd7 14. f4 Ng3 15. Re1 Bh4 16. Nf3 Nf5 17. Rf1 Ng3 18. Rf2 b5 19. Ba2 e4 20. Nxh4 Qxh4 21. Qg4 Qxg4 22. hxg4 exd3 23. cxd3 Rfe8 24. Kh2 Ne2 25. g5 f6 26. gxf6 Nxf6 27. Kh3 h5 28. Bb3 Ng4 29. Rff1 Ne3 30. Rf2 Ng4 31. Rff1 Ne3 32. Rf2 Ng4 1/2-1/2

[Event "Sarajevo Bosna op 49th"]
[Site "Sarajevo"]
[Date "2019.04.28"]
[Round "3"]
[White "Miftari, Hedon"]
[Black "Pastar, Slaven"]
[Result "0-1"]
[WhiteElo "1621"]
[BlackElo "2295"]
[PlyCount "62"]
[EventDate "2019.04.27"]
[EventType "swiss"]
[EventRounds "9"]
[EventCountry "BIH"]
[SourceTitle "CBM 190 Extra"]
[Source "ChessBase"]
[SourceDate "2019.07.15"]
[SourceVersion "1"]
[SourceVersionDate "2019.07.15"]
[SourceQuality "1"]

1. c4 b6 2. Nc3 Bb7 3. Nf3 e6 4. g3 Nf6 5. Bg2 Bb4 6. 0-0 Bxc3 7. bxc3 0-0 8. a4 a5 9. c5 bxc5 10. Rb1 Bc6 11. Ne5 Bxg2 12. Kxg2 d6 13. Nf3 Nbd7 14. Qc2 Nb6 15. e4 c4 16. Ba3 Re8 17. Nd4 Qd7 18. Rb5 e5 19. Nf5 Qc6 20. f3 Nfd7 21. Ne3 Nxa4 22. Rfb1 Nab6 23. Nd5 g6 24. Qa2 Kg7 25. Bc1 f5 26. Rxa5 Nxd5 27. exd5 Qxd5 28. Rxd5 Rxa2 29. Rb7 Rc8 30. Kf2 Nc5 31. Rb1 Kf6 0-1

[Event "EU-ch 20th"]
[Site "Skopje"]
[Date "2019.03.29"]
[Round "11"]
[White "Petrovic, Lazar1111"]
[Black "Miftari, Hedon"]
[Result "0-1"]
[WhiteElo "1690"]
[BlackElo "1527"]
[PlyCount "66"]
[EventDate "2019.03.18"]
[EventType "swiss"]
[EventRounds "11"]
[EventCountry "MKD"]
[SourceTitle "CBM 189"]
[Source "ChessBase"]
[SourceDate "2019.04.29"]
[SourceVersion "1"]
[SourceVersionDate "2019.04.29"]
[SourceQuality "1"]

1. b3 e5 2. Bb2 Nc6 3. g3 d5 4. Bg2 Nf6 5. Nf3 Bd6 6. 0-0 0-0 7. d4 e4 8. Ne5 Re8 9. Nxc6 bxc6 10. c4 Ba6 11. cxd5 cxd5 12. Nc3 c6 13. Rc1 e3 14. f3 Nh5 15. f4 Qd7 16. Na4 Qg4 17. Bf3 Qh3 18. Bg2 Qg4 19. Bf3 Qh3 20. Bxh5 Qxh5 21. Rf3 Bb4 22. Bc3 Ba3 23. Bb2 Bb4 24. Kg2 Bc8 25. Bc3 Ba3 26. Bb2 Bxb2 27. Nxb2 Bg4 28. Rxc6 Qh3+ 29. Kg1 Bxf3 30. exf3 Rac8 31. Rxc8 Qxc8 32. Nd3 Qc3 33. Nc1 Qd2 0-1

[Event "Ohrid Lasker U20 op"]
[Site "Ohrid"]
[Date "2018.10.12"]
[Round "4"]
[White "Cvetkovski, Gjorgji"]
[Black "Miftari, Hedon"]
[Result "1-0"]
[WhiteElo "1227"]
[BlackElo "1601"]
[PlyCount "93"]
[EventDate "2018.10.11"]
[EventType "swiss"]
[EventRounds "7"]
[EventCountry "MKD"]
[SourceTitle "CBM 186 Extra"]
[Source "ChessBase"]
[SourceDate "2018.08.24"]
[SourceVersion "1"]
[SourceVersionDate "2018.08.24"]
[SourceQuality "1"]

1. e4 c5 2. Nf3 d6 3. Bb5+ Bd7 4. Bxd7+ Qxd7 5. 0-0 Nc6 6. Nc3 e6 7. d4 cxd4 8. Nxd4 Nf6 9. Re1 Be7 10. b3 Rc8 11. Bb2 0-0 12. Qd2 a6 13. Rad1 Qc7 14. a3 Rfd8 15. Qe2 d5 16. exd5 Nxd4 17. Rxd4 Bc5 18. Rd3 exd5 19. Qd1 Qb6 20. Re2 Ne4 21. Nxe4 dxe4 22. Rxd8+ Rxd8 23. Qe1 f5 24. Bc3 Qc6 25. h3 Bd4 26. Bd2 Rc8 27. Bf4 Qf6 28. Qa5 Rc5 29. Qb4 Rb5 30. Qc4+ Kf8 31. Qc8+ Kf7 32. a4 Rb6 33. Rd2 g5 34. Bxg5 Qxg5 35. Qc4+ Kg6 36. Qxd4 Qf6 37. Qxf6+ Kxf6 38. Kf1 Ke6 39. Ke2 h6 40. Ke3 Ke5 41. f4+ Ke6 42. g4 Rb4 43. gxf5+ Kxf5 44. Rd5+ Kg6 45. Rd6+ Kh5 46. Re6 Kh4 47. Rxh6+ 1-0

[Event "Ohrid Lasker U20 op"]
[Site "Ohrid"]
[Date "2018.10.11"]
[Round "2"]
[White "Nikolovski, Kiril"]
[Black "Miftari, Hedon"]
[Result "1/2-1/2"]
[WhiteElo "1205"]
[BlackElo "1601"]
[PlyCount "97"]
[EventDate "2018.10.11"]
[EventType "swiss"]
[EventRounds "7"]
[EventCountry "MKD"]
[SourceTitle "CBM 186 Extra"]
[Source "ChessBase"]
[SourceDate "2018.08.24"]
[SourceVersion "1"]
[SourceVersionDate "2018.08.24"]
[SourceQuality "1"]

1. e4 c5 2. Nf3 d6 3. d4 cxd4 4. Nxd4 Nf6 5. Nc3 a6 6. Be3 Ng4 7. Bd2 Nf6 8. Be2 e5 9. Nf3 Nc6 10. Be3 b5 11. Nd5 Nxd5 12. Qxd5 Qc7 13. 0-0 Bb7 14. Qd2 Be7 15. c4 b4 16. b3 0-0 17. Qc2 Bc8 18. Rfd1 f5 19. Bd3 f4 20. Bd2 Bg4 21. Be2 Qd7 22. Be1 Rf6 23. c5 Bxf3 24. Bxf3 Nd4 25. Qc4+ Kh8 26. Rd3 Nxf3+ 27. Rxf3 dxc5 28. Rd3 Rd6 29. Rad1 Rd4 30. Qc2 Rd8 31. Rxd4 cxd4 32. Qd3 Qc6 33. Bd2 Rc8 34. Qb1 Qc2 35. Rc1 Qxb1 36. Rxb1 Rc2 37. Rc1 Rxc1+ 38. Bxc1 Bc5 39. Kf1 Kg8 40. Ke2 Kf7 41. Kd3 Ke6 42. Kc4 Kd6 43. f3 g5 44. h3 Kc6 45. Bd2 a5 46. Be1 d3 47. Kxd3 Kb5 48. Bd2 a4 49. bxa4+ 1/2-1/2

[Event "FRM-ch U16"]
[Site "Struga"]
[Date "2018.06.09"]
[Round "1"]
[White "Miftari, Hedon"]
[Black "Petrovic, Lazar1111"]
[Result "0-1"]
[WhiteElo "1285"]
[BlackElo "1647"]
[PlyCount "126"]
[EventDate "2018.06.09"]
[EventType "swiss"]
[EventRounds "5"]
[EventCountry "MKD"]
[SourceTitle "CBM 185 Extra"]
[Source "ChessBase"]
[SourceDate "2018.07.29"]
[SourceVersion "1"]
[SourceVersionDate "2018.07.29"]
[SourceQuality "1"]

1. e4 c5 2. Nf3 d6 3. Bb5+ Bd7 4. Bxd7+ Nxd7 5. Nc3 Ngf6 6. 0-0 g6 7. d4 cxd4 8. Nxd4 Bg7 9. Be3 0-0 10. h3 Rc8 11. f4 Nh5 12. f5 Nc5 13. Qd2 Ng3 14. Rf4 Be5 15. Rh4 Bf6 16. Bg5 e5 17. Bxf6 Qxf6 18. Qh6 Nh5 19. Nf3 Qg7 20. Qg5 f6 21. Qd2 Rfd8 22. Rg4 Nf4 23. fxg6 hxg6 24. g3 Nxh3+ 25. Kg2 Ng5 26. Nxg5 fxg5 27. Qxg5 Ne6 28. Qxg6 Qxg6 29. Rxg6+ Kf7 30. Rh6 Rh8 31. Rf1+ Nf4+ 32. gxf4 Rcg8+ 33. Kf3 Rxh6 34. fxe5 dxe5 35. Ke3+ Rf6 36. Rxf6+ Kxf6 37. Kd3 Rg3+ 38. Kc4 Ke6 39. a3 Re3 40. Kc5 Re1 41. Kc4 Re3 42. Kc5 Rh3 43. Kc4 Kf6 44. Nb5 a6 45. Nc3 Rh2 46. Kd3 Kg5 47. a4 Rh3+ 48. Kc4 Kf4 49. a5 Rxc3+ 50. Kxc3 Kxe4 51. Kd2 Kf3 52. Ke1 Ke3 53. b3 e4 54. b4 Kd4 55. Kd2 Kc4 56. Ke3 Kxb4 57. Kxe4 Kxa5 58. Kd4 Kb4 59. c3+ Kb3 60. c4 Kb4 61. c5 a5 62. Kd5 Kb5 63. Kd4 a4 0-1

[Event "Skopje U2200 op"]
[Site "Skopje"]
[Date "2017.12.08"]
[Round "3"]
[White "Miftari, Hedon"]
[Black "Dragojevic, Leon"]
[Result "0-1"]
[WhiteElo "1234"]
[BlackElo "1886"]
[PlyCount "47"]
[EventDate "2017.12.07"]
[EventType "swiss"]
[EventRounds "7"]
[EventCountry "MKD"]
[SourceTitle "CBM 182 Extra"]
[Source "ChessBase"]
[SourceDate "2018.02.23"]
[SourceVersion "1"]
[SourceVersionDate "2018.02.23"]
[SourceQuality "1"]

1. e4 d5 2. exd5 Qxd5 3. Nc3 Qa5 4. d4 Nf6 5. Bd2 c6 6. Nf3 Bg4 7. b4 Qh5 8. Be2 e6 9. Rb1 Bd6 10. b5 0-0 11. bxc6 bxc6 12. Qc1 Nbd7 13. Bf4 e5 14. dxe5 Nxe5 15. Bxe5 Bxe5 16. Nxe5 Bxe2 17. Nxe2 Qxe5 18. Rb3 Rfe8 19. Re3 Qa5+ 20. Qd2 Qxa2 21. 0-0 Rxe3 22. fxe3 Qe6 23. Nf4 Qe7 24. Rd1 0-1